[Event "Florianopolis op 10th"]
[Site "Florianopolis"]
[Date "2024.01.26"]
[Round "8"]
[White "Vieira, Igor Do Nascimento"]
[Black "Farias, Robson da Costa"]
[Result "1-0"]
[WhiteElo "1280"]
[BlackElo "1721"]
[PlyCount "95"]
[EventDate "2024.01.20"]
[EventType "swiss"]
[EventRounds "10"]
[EventCountry "BRA"]
[SourceTitle "CB05_2024"]
[SourceDate "2024.01.31"]
[SourceVersion "1"]
[SourceVersionDate "2024.01.31"]
[SourceQuality "1"]

1. e4 c5 2. Nf3 d6 3. d4 cxd4 4. Nxd4 Nf6 5. Nc3 a6 6. Be2 Nc6 7. Be3 e6 8. Qd2 Be7 9. g4 Nxd4 10. Qxd4 e5 11. Qd1 h6 12. h3 Bd7 13. Qd3 b5 14. a3 g5 15. h4 gxh4 16. g5 hxg5 17. Bxg5 Ng8 18. Bxe7 Qxe7 19. 0-0-0 Rh6 20. Nd5 Qd8 21. Rdg1 Kf8 22. Qe3 Rh8 23. Nb6 Ra7 24. Nc8 Rc7 25. Nxd6 Qe7 26. Qb6 Rc6 27. Qb8+ Be8 28. Nf5 Qc5 29. Bd3 h3 30. Qd8 Ne7 31. b4 Rc8 32. Qxe8+ Kxe8 33. bxc5 Rxc5 34. Nd6+ Kd7 35. Nxf7 Re8 36. Rxh3 a5 37. Rh5 Rc3 38. Kb2 b4 39. axb4 axb4 40. Nxe5+ Ke6 41. Nf3 Rf8 42. Nd4+ Kd7 43. Nb5 Rc6 44. Rg7 Re6 45. Rhh7 Rxf2 46. Nd4 Re5 47. Nf5 Kd8 48. Nxe7 1-0

[Event "Florianopolis op 10th"]
[Site "Florianopolis"]
[Date "2024.01.24"]
[Round "6"]
[White "Vieira, Igor Do Nascimento"]
[Black "Franca, Jairo Jr"]
[Result "1-0"]
[WhiteElo "1280"]
[BlackElo "1753"]
[PlyCount "43"]
[EventDate "2024.01.20"]
[EventType "swiss"]
[EventRounds "10"]
[EventCountry "BRA"]
[SourceTitle "CB05_2024"]
[SourceDate "2024.01.31"]
[SourceVersion "1"]
[SourceVersionDate "2024.01.31"]
[SourceQuality "1"]

1. e4 e5 2. Nf3 Nf6 3. Nxe5 d6 4. Nf3 Nxe4 5. d4 d5 6. Bd3 Be7 7. 0-0 0-0 8. Bf4 Bg4 9. Nbd2 Nxd2 10. Bxd2 Nc6 11. c3 Qd6 12. h3 Bh5 13. Re1 Rfe8 14. Be2 a6 15. g4 Bg6 16. Bg5 Bxg5 17. Nxg5 Qf4 18. Nf3 Be4 19. Qd2 Qd6 20. Nh2 Nd8 21. Bd3 Bxd3 22. Rxe8+ 1-0

[Event "Florianopolis op 10th"]
[Site "Florianopolis"]
[Date "2024.01.22"]
[Round "4"]
[White "Vieira, Igor Do Nascimento"]
[Black "Donatti, Sofia"]
[Result "1/2-1/2"]
[WhiteElo "1280"]
[BlackElo "1767"]
[PlyCount "56"]
[EventDate "2024.01.20"]
[EventType "swiss"]
[EventRounds "10"]
[EventCountry "BRA"]
[SourceTitle "CB05_2024"]
[SourceDate "2024.01.31"]
[SourceVersion "1"]
[SourceVersionDate "2024.01.31"]
[SourceQuality "1"]

1. e4 c5 2. Nf3 Nc6 3. d4 cxd4 4. Nxd4 e5 5. Nb3 d6 6. Be2 Be7 7. Nc3 Nf6 8. 0-0 0-0 9. Bg5 Be6 10. Qd2 Qd7 11. Rad1 Rfd8 12. Bxf6 Bxf6 13. Nd5 Bxd5 14. Qxd5 Ne7 15. Qd3 Ng6 16. g3 Rac8 17. c3 Nf8 18. Qd5 Ne6 19. Bg4 Qe7 20. Rd2 Rc6 21. Rfd1 Bg5 22. Rd3 Nc7 23. Qa5 Ra6 24. Qb4 Rb6 25. Qc4 Rc6 26. Qa4 Ra6 27. Qb4 Rb6 28. Qc4 Rc6 1/2-1/2

[Event "Florianopolis op 10th"]
[Site "Florianopolis"]
[Date "2024.01.20"]
[Round "1"]
[White "Muzzi, Eduardo"]
[Black "Vieira, Igor Do Nascimento"]
[Result "1-0"]
[WhiteElo "1913"]
[BlackElo "1280"]
[PlyCount "67"]
[EventDate "2024.01.20"]
[EventType "swiss"]
[EventRounds "10"]
[EventCountry "BRA"]
[SourceTitle "CB05_2024"]
[SourceDate "2024.01.31"]
[SourceVersion "1"]
[SourceVersionDate "2024.01.31"]
[SourceQuality "1"]

1. e4 Nf6 2. Nc3 d5 3. e5 Nfd7 4. Nf3 e6 5. d4 c5 6. Be2 Nc6 7. dxc5 Bxc5 8. Bf4 Qc7 9. Nb5 Qb6 10. 0-0 0-0 11. Bd3 f5 12. exf6 e5 13. Bg3 Nxf6 14. Be2 a6 15. Nc3 d4 16. Na4 Qa5 17. c3 dxc3 18. Qb3+ Kh8 19. Nxc3 h6 20. Nh4 Re8 21. Qf7 Be6 22. Qxb7 Nd4 23. Ng6+ Kh7 24. Bxe5 Nxe2+ 25. Nxe2 Kxg6 26. Nf4+ Kf5 27. Nxe6 Kxe6 28. Rfe1 Bxf2+ 29. Kxf2 Ng4+ 30. Kg1 Nxe5 31. Qxg7 Rg8 32. Qxh6+ Rg6 33. Qxg6+ Kd7 34. Rad1+ 1-0